| 000 | 00426nam a22001577a 4500 | ||
|---|---|---|---|
| 003 | PILC | ||
| 005 | 20150522110048.0 | ||
| 008 | 150522b xxu||||| |||| 00| 0 eng d | ||
| 050 |
_aLC 1307 _b.C271 1971 |
||
| 245 |
_aCareerism : _bhow to select a successful career / |
||
| 260 |
_aN.Y. : _bDansville Press, _c1971. |
||
| 300 |
_a155 pages ; _c19 cm. |
||
| 500 | _aIncludes index. | ||
| 650 | _aCareer. | ||
| 942 |
_2lcc _cBK _kFOR |
||
| 999 |
_c284313 _d284313 |
||